Quizzes
Events
Quiz Creation
Community
Videos
Private Events
Remove Ads
Sign In
Join for FREE
Feedback
Dark Mode
Quiz Categories
Sports
Geography
Music
Movies
Television
Just For Fun
Miscellaneous
History
Literature
Language
Science
Gaming
Entertainment
Religion
Holiday
For Kids
Quiz Lab
Recent
Popular Today
Quiz Kudos Today
Editor Picks
Curator Picks
Quizzes by...
Day
Popularity
Type
Ratings
Length
Year
Community
Subscriptions
Recent Discussions
Orange Saloon
Badges
Playlists
Quests
Create
Leaderboards
Showdown
Live 5
Trivia Bingo
Activity
Puzzle Library
Sporcle Events
Private Events
Virtual Trivia
Globe League
Become a Host
Pub Owners
SporcleCon
Opinionation
Our Games
Videos
Blog
Mobile Apps
Partnerships
Remove Ads and Go Orange
Feedback
Music
Pop Music
The Beatles
Song
Album
Lyrics
Bands
Singers
Artist
Clip
Rock
Rap
Classical
Billboard
Country Music
Kpop
Taylor Swift
Music
Pop Music
The Beatles
Song
Album
Lyrics
Bands
Singers
Artist
Clip
Rock
Rap
Classical
Billboard
Country Music
Kpop
Taylor Swift
Random Quiz
Search Sporcle
×
Quiz Lab
Quiz Lab
Music
Kpop
Type in answers that appear in a list
Type in answers that appear in a list
Classic
Best Score? Go Orange.
Name All the Boyfriend K-Pop Songs Stats
Can You Name All the Boyfriend K-Pop Songs from All of Their Korean Albums(so far)?
By
iluvezio
20m
54 Questions
118 Plays
118 Plays
118 Plays
Comments
Comments
Give Quiz Kudos
Give Quiz Kudos
-
- Ratings
hide this ad
Replay
Link that replays current quiz
Next Quiz
Link to next quiz in quiz playlist
You Got
0%
They Got
Avg Score
33%
Avg Friend Score
Upgrade to see
Score Distribution
Jump to the score distribution portion of the page
Score
0/54
Timer
20:00
0
Plays Today
Album
Song
% Correct
Boyfriend -
EP
Boyfriend
96.6%
Witch
Witch
85.6%
I Yah
I Yah
83.1%
Obsession
OBSESSION
79.7%
Love Style
Love Style
78%
Boyfriend in Wonderland -
EP
Bounce
78%
Don't Touch My Girl -
EP
Don't Touch My Girl
75.4%
Love Style
Do
71.2%
I'll Be There -
EP
I'll be there
70.3%
I Yah
Janus
63.6%
To My Bestfriend -
Single
To My Bestfriend
61%
Obsession
Alarm
35.6%
Witch
White Out
34.7%
Boyfriend -
EP
You&I
33.9%
I Yah
Good Night
30.5%
Witch
On & On
30.5%
Love Style
Super Hero
29.7%
Boyfriend in Wonderland -
EP
CROOKED
29.7%
Boyfriend in Wonderland -
EP
Lost Memory
29.7%
I Yah
My Dear
28.8%
Boyfriend in Wonderland -
EP
White Day
28.8%
I Yah
Go Back
28%
I Yah
Listen
28%
Love Style
One Day
27.1%
Boyfriend -
EP
Let's Get It Started
26.3%
Love Style
Wonderful Girl
26.3%
I Yah
Trippin'
26.3%
Album
Song
% Correct
Witch
Suggest
26.3%
Witch
You've moved on
26.3%
Boyfriend in Wonderland -
EP
1,2,3
26.3%
I Yah
Mystery
25.4%
Obsession
Deny
25.4%
Witch
Bewitch
25.4%
I Yah
Excuse Me
24.6%
I Yah
Stop It
24.6%
I Yah
Soulmate
24.6%
Don't Touch My Girl -
EP
You're My Lady
23.7%
Boyfriend in Wonderland -
EP
All In
22.9%
I'll Be There -
EP
Not one, but two
21.2%
Love Style
I'm in Love
21.2%
Witch
Just Friends
21.2%
Obsession
Back It Up
18.6%
Obsession
Love Game
18.6%
I'll Be There -
EP
Where R U
17.8%
I Yah
Standing with U
17.8%
Don't Touch My Girl -
EP
It's U
16.9%
Boyfriend -
EP
Boyfriend (instrumental)
14.4%
Don't Touch My Girl -
EP
Don't Touch My Girl (instrumental)
13.6%
I'll Be There -
EP
I'll be there (instrumental)
13.6%
Boyfriend -
EP
You&I (instrumental)
12.7%
Love Style
Love Style (instrumental)
12.7%
I'll Be There -
EP
Not one, but two (instrumental)
9.3%
Don't Touch My Girl -
EP
It's U (instrumental)
7.6%
Obsession
10 On my way to U
6.8%
Quiz Playlist
Details
Report
Send in Message
Add To Playlist
Classic:
Type in answers that appear in a list
Last Updated: Feb 16, 2017
Quiz Scoreboard
CHALLENGE
Sign Up to Join the Scoreboard
Show All
Scores
Hide
Comments
May contain spoilers
Recently Published
Billboard Blitz: Fleetwood Mac
by CooCooCachoo
Music
15s
Presidents Visiting Landmarks
by Hejman
History
7m
An Introduction to Baseball
by treessimontrees
Sports
5m
More to Explore
Quiz From the Vault
Featured Blog Post
Where Did the Easter Bunny Come From?
hide this ad
You Might Also Like...
Tags
Kpop Quiz
Boyfriend
Boy Groups
Japan
Korea
Kpop Quiz
South Korea
Today's Top Quizzes in Music
Browse Music
hide this ad
Today's Top Quizzes in Kpop
Browse Kpop
Top Contributed Quizzes in Music
1
Taylor Swift All Songs (2024)
2
Guess the Artist- 70s Songs
3
7-to-1: Billboard Hot 100 #1 Hits of 2010s
4
Sorting Albums and Songs
5
Taylor Swift Logic Puzzle
6
KPOP LOGIC QUIZ
7
2010s Album by Cover III
8
One Thing in Common: Music
9
Guess the Taylor Swift song (Mystery Song)
10
Guess The Taylor Swift Lyrics Song #1
Explore More
Trending Topics
Disney
Anime
Kpop
Crossword
Harry Potter
Marvel
NBA
Puzzle
NFL
Song
Soccer
Pokémon
The Office
Country
WWE
hide this ad
More By:
iluvezio
Quiz
Plays
Rating
Category
Featured
Created
Stranger Things: Season 1 or Season 2?
3,418
2.75
Entertainment
Nov 7, 2017
Name the K-Pop Girl Group
3,035
3.00
Music
Feb 3, 2017
Guess the Kpop Group
2,018
4.71
Music
Nov 3, 2017
Name the Stranger Things Characters
1,887
2.67
Entertainment
Oct 30, 2017
Guess the K-Pop Music Video
1,862
4.67
Music
Feb 3, 2017
Go to Creator's Profile
Score Distribution
Quiz Creator Spotlight
iluvezio
Follow
Send a Message
Quizzes Created
-
Created Quiz Play Count
-
More By This Creator
Popular Quizzes Today
1
Find the US States - No Outlines Minefield
2
Find the Countries of Europe - No Outlines Minefield
3
The Countries of the World
4
Find the US States
5
US States
6
Popular People in 1961
7
Risky Map Clicking: Biggest States A-Z
8
Movies - When Are They Set?
More Music Quizzes
Not Only... But Also: Composers
Editor's Pick
Trending Quizzes
Risky Map Clicking: Least Populous States A-Z
1-10 Letter G Words
1-10 Letter F Words
Risky Map Clicking: Next State Alphabetically
Risky Map Clicking: Biggest States A-Z
Recently Updated
Leaping Animals
pecheneg
Reality TV Shows (A-Z)
bhenderson79
Rickey Henderson's Hall of Fame Teammates
pecheneg
Champions League XIs: Arsenal
pecheneg
Quick Pick: Celebrities in WWE's Hall of Fame
aduchscher
A-Z Keypad Blitz II
pecheneg
Multiple Oscar Actors
pecheneg
Mystery Phrase Blitz: Oscar 'Best Actors'
pecheneg
F. Scott Fitzgerald Novels
LTH
Pick 3 Villains
ddd62291
Trending Topics
NBA
Marvel
Kpop
Anime
Disney
Crossword
Harry Potter
WWE
Country
Pokémon
Soccer
Song
NFL
The Office
Puzzle
Your Account Isn't Verified!
In order to create a playlist on Sporcle, you need to verify the email address you used during registration. Go to your
Sporcle Settings
to finish the process.
Report this User
Report this user for behavior that violates our
Community Guidelines
.
Details:
Send Report
Go to the Sporcle.com Mobile Site →
Comments